000 00640nam a2200181 a 4500
001 000026596
005 20200930030314.0
008 110323s1995 dr a 000 0 spa d
040 _aDO-SdBNP
_bspa
_cBNPHU
082 _axxxx
_bB171
245 0 0 _aBalance :
_bgobernar es construir 1986-1995 /
_ctextos y pie de fotos R. A. Font Bernard y Juan Pablo Cuevas.
260 _aSanto Domingo :
_bOficina Nacional de Presupuesto,
_c1995.
300 _a170 p. :
_bil. ;
_c23 cm.
700 1 _aBernard, Font
_953702
700 1 _aCuevas, Juan Pablo
_924920
710 1 _aRepública Dominicana .
_bOficina Nacional de Presupuesto
_910981
049 _aBNPD
999 _c26088
_d26088